ARRUPE JESUIT UNIVERSITY

CORONAVIRUS -STOP THE SPREAD - CLEAN,DISINFECT,COVER

Thinking in time : (Record no. 120612)

MARC details
000 -LEADER
fixed length control field 01480pam a22003734a 4500
001 - CONTROL NUMBER
control field 5623487
003 - CONTROL NUMBER IDENTIFIER
control field ARRUPE
005 - DATE AND TIME OF LATEST TRANSACTION
control field 20140604144916.0
008 - FIXED-LENGTH DATA ELEMENTS--GENERAL INFORMATION
fixed length control field 051103s2006 nyua b 001 0 eng c
010 ## - LIBRARY OF CONGRESS CONTROL NUMBER
LC control number 2005032184
015 ## - NATIONAL BIBLIOGRAPHY NUMBER
National bibliography number GBA633879
Source bnb
016 7# - NATIONAL BIBLIOGRAPHIC AGENCY CONTROL NUMBER
Record control number 013431696
Source Uk
020 ## - INTERNATIONAL STANDARD BOOK NUMBER
International Standard Book Number 0801444217 (cloth : alk. paper)
020 ## - INTERNATIONAL STANDARD BOOK NUMBER
International Standard Book Number 0801473004 (pbk. : alk. paper)
024 3# - OTHER STANDARD IDENTIFIER
Standard number or code 9780801444210
024 3# - OTHER STANDARD IDENTIFIER
Standard number or code 9780801473005
035 ## - SYSTEM CONTROL NUMBER
System control number (OCoLC)OCM62290503
035 ## - SYSTEM CONTROL NUMBER
System control number (NNC)5623487
040 ## - CATALOGING SOURCE
Original cataloging agency NIC/DLC
Transcribing agency DLC
Modifying agency BAKER
-- UKM
-- C#P
-- OrLoB-B
042 ## - AUTHENTICATION CODE
Authentication code pcc
050 00 - LIBRARY OF CONGRESS CALL NUMBER
Classification number B2430.B43
Item number G76 2006
082 00 - DEWEY DECIMAL CLASSIFICATION NUMBER
Classification number 194
Edition number 22
300 ## - PHYSICAL DESCRIPTION
Other physical details ill. ;
Dimensions 24 cm.
100 1# - MAIN ENTRY--PERSONAL NAME
Personal name Guerlac, Suzanne,
Dates associated with a name 1950-
9 (RLIN) 10588
245 10 - TITLE STATEMENT
Title Thinking in time :
Remainder of title an introduction to Henri Bergson /
Statement of responsibility, etc Suzanne Guerlac.
260 ## - PUBLICATION, DISTRIBUTION, ETC. (IMPRINT)
Place of publication, distribution, etc Ithaca, N.Y. :
Name of publisher, distributor, etc Cornell University Press,
Date of publication, distribution, etc 2006.
300 ## - PHYSICAL DESCRIPTION
Extent xiv, 230 p. :
504 ## - BIBLIOGRAPHY, ETC. NOTE
Bibliography, etc Includes bibliographical references (p. [215]-224) and index.
505 00 - FORMATTED CONTENTS NOTE
Miscellaneous information 1.
Title Bergson and Bergsonisms --
Miscellaneous information 2.
Title From the certainties of mechanism to the anxieties of indeterminism --
Miscellaneous information 3.
Title Time and free will (essai sur les donné́es immédiates de la conscience) --
Miscellaneous information 4.
Title Matter and memory --
Miscellaneous information 5.
Title Channels of contemporary reception --
Miscellaneous information 6.
Title Current issues.
600 10 - SUBJECT ADDED ENTRY--PERSONAL NAME
Personal name Bergson, Henri,
Dates associated with a name 1859-1941.
9 (RLIN) 10589
856 41 - ELECTRONIC LOCATION AND ACCESS
Materials specified Table of contents
Uniform Resource Identifier <a href="http://www.loc.gov/catdir/toc/ecip063/2005032184.html">http://www.loc.gov/catdir/toc/ecip063/2005032184.html</a>
900 ## - EQUIVALENCE OR CROSS-REFERENCE-PERSONAL NAME [LOCAL, CANADA]
Numeration TOC
942 ## - ADDED ENTRY ELEMENTS (KOHA)
Source of classification or shelving scheme Library of Congress Classification
Koha item type Monograph ( Printed materials)
948 1# - LOCAL PROCESSING INFORMATION (OCLC); SERIES PART DESIGNATOR (RLIN)
Series part designator, SPT (RLIN) 20060518
b (OCLC) c
c (OCLC) rad1
d (OCLC) MPS
Holdings
Withdrawn status Lost status Source of classification or shelving scheme Damaged status Not for loan Collection code Home library Current library Shelving location Date acquired Total Checkouts Full call number Barcode Date last seen Price effective from Koha item type
    Library of Congress Classification     Main Collection ARRUPE LIBRARY ARRUPE LIBRARY Main Collection 04/06/2014   B2430.B43 G76 2006 46500000654 04/06/2014 04/06/2014 Monograph ( Printed materials)

 

Arrupe Library. PO Box MP320 Mt Pleasant, Harare, Zimbabwe
263 242 745411|librarian@aju.ac.zw